000 00642nam a2200241Ia 4500
003 OSt
005 20220928120803.0
006 a|||||r|||| 00| 0
007 ta
008 220927b |||||||| |||| 00| 0 eng d
024 _a74487
037 _cTextual
040 _aSDCL
_cSDCL
_beng
041 _2eng
_aeng
082 _aP111k, L2 RR
100 _aApte Vaman Shivram
_9392780
245 0 _aStudent's English-Sanskrit dictionary
250 _a3
260 _aDelhi
_bMotilal Banarsidass
_c1972
300 _axii,501p
_ccm.
942 _hP111k, L2 RR
_cTEXL
_2CC
999 _c765234
_d765234